Anne Frank - Statistics

General Stats
  • This quiz has been taken 255 times
  • The average score is 7 of 19
Answer Stats
Question Answer % Correct
Despite being German, Anne lived most pf her life in what country? Netherlands
82%
Anne became Stateless after losing German citizenship in what year? 1941
79%
Anne and her family were...? Jewish
76%
Who had Anne's diary published after her death? Otto Frank
72%
What was the name of Anne Frank's elder sister? Margot Frank
69%
In which German city was Anne Frank Born? Frankfurt
52%
What language did Anne write her diary in? Dutch
45%
What did Anne call her diary? Kitty
43%
How old was Anne when she went into hiding? Thirteen
35%
What did Anne say she wanted to be when she grew up? A writer
32%
How many other people hid with Anne's family? Four
32%
How old was Anne at the time of her death? Fifteen
30%
What did Anne call the place where they were hiding? The Secret Annex
28%
Who saved Anne's diary after the residents of the secret annex were arrested? Miep Gies
19%
How many languages has Anne's diary been translated into? 70
10%
What was the name of Anne's pet cat? Moortje
8%
What was the date of Anne Frank's last diary entry? 1 August 1944
5%
When her family go into hiding? July 1942
5%
Where did Anne and her sister die? Bergen-Belson Concentration camp
0%
No matching quizzes found
Score Distribution
Percent of People with Each Score
Percentile by Number Answered
Your Score History
You have not taken this quiz